Energetická charta

Podpis Dohody k Energetickej charte (42 štátov) v decembri 1994 v Lisabone - výsledok niekoľkoročných rokovaní. Charakteristika a ciele Dohody. Základné piliere Dohody - investície, obchod, tranzit, riešenie sporov. Brusel - sídlo sekretariátu Energetickej charty (ECH). Ratifikácia Dohody a jej real...

ver descrição completa

Na minha lista:
Detalhes bibliográficos
Autor principal: Veselý, V.
Outros Autores: Zukal, Jiří
Formato: Capítulo de Livro
Idioma:tcheco
Assuntos:
Tags: Adicionar Tag
Sem tags, seja o primeiro a adicionar uma tag!

MARC

LEADER 00000naa a2200000 4500
001 r020897
005 20230920091608.2
041 0 |a cze 
044 |a CZ 
245 1 0 |a Energetická charta  |c V. Veselý, Jiří Zukal 
520 |a Podpis Dohody k Energetickej charte (42 štátov) v decembri 1994 v Lisabone - výsledok niekoľkoročných rokovaní. Charakteristika a ciele Dohody. Základné piliere Dohody - investície, obchod, tranzit, riešenie sporov. Brusel - sídlo sekretariátu Energetickej charty (ECH). Ratifikácia Dohody a jej realizácia v praxi. Dohodu musí ratifikovať aspoň 30 štátov, aby mohla byť platná. Praktický význam Dohody k ECH pre Českú republiku. 
610 2 0 |a spolupráca hospodárska medzinárodná 
610 2 0 |a energetika 
610 2 0 |a charta 
610 2 0 |a Energetická charta 
610 2 0 |a investície 
610 2 0 |a obchod zahraničný 
610 2 0 |a tranzit 
610 2 0 |a Česko 
610 2 0 |a svet 
100 1 |a Veselý, V. 
700 1 |a Zukal, Jiří